[Event "10th Amsterdam Science Park"]
[Site "Amsterdam"]
[Date "2022.07.24"]
[Round "7"]
[White "De Winter, Arthur"]
[Black "Bosboom, Manuel"]
[Result "1-0"]
[Board "2"]
[WhiteElo "2150"]
[WhiteCountry "NED"]
[WhiteFideId "1069020"]
[WhiteEloChange "16"]
[BlackTitle "IM"]
[BlackElo "2381"]
[BlackCountry "NED"]
[BlackFideId "1000080"]
[BlackEloChange "-16"]

1. e4 {[%clk 1:30:57]} c5 {[%clk 1:30:19]} 2. Nf3 {[%clk 1:31:22]} d6 {[%clk
1:29:36]} 3. d4 {[%clk 1:31:48]} cxd4 {[%clk 1:30:00]} 4. Nxd4 {[%clk 1:32:14]}
Nf6 {[%clk 1:30:08]} 5. Nc3 {[%clk 1:32:39]} a6 {[%clk 1:30:21]} 6. Bg5 {[%clk
1:33:03]} Nbd7 {[%clk 1:25:59]} 7. Qe2 {[%clk 1:33:17]} h6 {[%clk 1:21:29]} 8.
Bh4 {[%clk 1:33:32]} g6 {[%clk 1:04:43]} 9. O-O-O {[%clk 1:30:13]} e5 {[%clk
0:58:42]} 10. Nb3 {[%clk 1:17:22]} Be7 {[%clk 0:57:39]} 11. g4 {[%clk 1:08:58]}
b5 {[%clk 0:53:14]} 12. a3 {[%clk 1:06:25]} Qc7 {[%clk 0:48:24]} 13. Bg2 {[%clk
1:03:12]} Nb6 {[%clk 0:46:51]} 14. h3 {[%clk 1:00:02]} Be6 {[%clk 0:45:58]} 15.
f4 {[%clk 0:58:06]} O-O {[%clk 0:32:57]} 16. f5 {[%clk 0:43:21]} Bc4 {[%clk
0:32:25]} 17. Qe3 {[%clk 0:39:08]} g5 {[%clk 0:30:27]} 18. Bf2 {[%clk 0:37:12]}
Rfb8 {[%clk 0:28:39]} 19. Kb1 {[%clk 0:32:47]} a5 {[%clk 0:27:54]} 20. Nd5 {[%clk
0:27:15]} Bxd5 {[%clk 0:24:06]} 21. exd5 {[%clk 0:27:38]} b4 {[%clk 0:23:59]} 22.
h4 {[%clk 0:24:23]} Nxg4 {[%clk 0:14:00]} 23. Qg3 {[%clk 0:24:35]} Nxf2 {[%clk
0:13:47]} 24. hxg5 {[%clk 0:24:06]} hxg5 {[%clk 0:11:33]} 25. f6 {[%clk 0:12:57]}
Bxf6 {[%clk 0:12:00]} 26. Qxf2 {[%clk 0:13:22]} Qe7 {[%clk 0:10:05]} 27. a4
{[%clk 0:09:43]} Bg7 {[%clk 0:08:55]} 28. Qf5 {[%clk 0:08:27]} Nxa4 {[%clk
0:07:47]} 29. Be4 {[%clk 0:07:49]} Kf8 {[%clk 0:07:07]} 30. Rdf1 {[%clk 0:07:26]}
Nc3+ {[%clk 0:06:11]} 31. bxc3 {[%clk 0:07:47]} bxc3 {[%clk 0:06:20]} 32. Rh7
{[%clk 0:07:50]} f6 {[%clk 0:06:01]} 33. Rfh1 {[%clk 0:07:38]} Qf7 {[%clk
0:05:58]} 34. R1h6 {[%clk 0:05:29]} a4 {[%clk 0:04:04]} 35. Rxg7 {[%clk 0:05:38]}
Qxg7 {[%clk 0:04:27]} 36. Rxf6+ {[%clk 0:06:04]} Ke8 {[%clk 0:03:43]} 37. Re6+
{[%clk 0:05:35]} Kd8 {[%clk 0:04:03]} 38. Rxd6+ {[%clk 0:05:55]} Kc7 {[%clk
0:04:24]} 39. Rc6+ {[%clk 0:05:51]} Kd8 {[%clk 0:04:45]} 40. Rg6 {[%clk 0:01:44]}
Qd7 {[%clk 0:01:49]} 41. Qf8+ {[%clk 0:01:52]} 1-0

[Event "10th Amsterdam Science Park"]
[Site "Amsterdam"]
[Date "2022.07.24"]
[Round "7"]
[White "Zwirs, Nico"]
[Black "Van der Poel, Henk"]
[Result "1-0"]
[Board "3"]
[WhiteTitle "IM"]
[WhiteElo "2485"]
[WhiteCountry "NED"]
[WhiteFideId "1036432"]
[WhiteEloChange "2"]
[BlackTitle "FM"]
[BlackElo "2210"]
[BlackCountry "NED"]
[BlackFideId "1002449"]
[BlackEloChange "-3"]

1. e4 {[%clk 1:30:59]} c5 {[%clk 1:30:27]} 2. Nf3 {[%clk 1:31:27]} d6 {[%clk
1:30:28]} 3. d4 {[%clk 1:31:53]} cxd4 {[%clk 1:30:58]} 4. Nxd4 {[%clk 1:32:21]}
Nf6 {[%clk 1:31:28]} 5. Nc3 {[%clk 1:32:49]} Nc6 {[%clk 1:31:58]} 6. Bg5 {[%clk
1:31:33]} e6 {[%clk 1:32:28]} 7. Qd2 {[%clk 1:31:59]} a6 {[%clk 1:32:58]} 8.
O-O-O {[%clk 1:30:55]} Bd7 {[%clk 1:33:28]} 9. Kb1 {[%clk 1:31:19]} Be7 {[%clk
1:33:58]} 10. Nxc6 {[%clk 1:30:27]} Bxc6 {[%clk 1:34:28]} 11. f3 {[%clk 1:30:30]}
b5 {[%clk 1:34:58]} 12. h4 {[%clk 1:29:59]} Qc7 {[%clk 1:35:28]} 13. Ne2 {[%clk
1:29:38]} h5 {[%clk 1:35:58]} 14. Nd4 {[%clk 1:22:03]} Bd7 {[%clk 1:36:28]} 15.
Bd3 {[%clk 1:17:34]} Qb6 {[%clk 1:29:28]} 16. Ne2 {[%clk 1:06:19]} O-O-O {[%clk
1:27:42]} 17. Be3 {[%clk 0:59:41]} Qb7 {[%clk 1:27:03]} 18. Qa5 {[%clk 0:59:23]}
Kb8 {[%clk 1:26:32]} 19. c4 {[%clk 0:56:16]} Rc8 {[%clk 1:14:40]} 20. cxb5 {[%clk
0:54:54]} Bxb5 {[%clk 1:12:35]} 21. Nd4 {[%clk 0:54:26]} Bd8 {[%clk 1:06:24]} 22.
Qa3 {[%clk 0:54:21]} Be7 {[%clk 1:04:25]} 23. Nxb5 {[%clk 0:51:30]} axb5 {[%clk
1:04:45]} 24. Bxb5 {[%clk 0:51:41]} 1-0

[Event "10th Amsterdam Science Park"]
[Site "Amsterdam"]
[Date "2022.07.24"]
[Round "7"]
[White "Kumar, Prajit Sai"]
[Black "De Groote, Ewoud"]
[Result "1/2-1/2"]
[Board "4"]
[WhiteElo "2040"]
[WhiteCountry "NED"]
[WhiteFideId "1070207"]
[WhiteEloChange "5"]
[BlackElo "2245"]
[BlackCountry "NED"]
[BlackFideId "1017870"]
[BlackEloChange "-5"]

1. d4 {[%clk 1:30:59]} Nf6 {[%clk 1:30:54]} 2. Nf3 {[%clk 1:31:28]} e6 {[%clk
1:31:11]} 3. Bf4 {[%clk 1:31:53]} d5 {[%clk 1:31:25]} 4. c3 {[%clk 1:32:18]} Bd6
{[%clk 1:30:50]} 5. e3 {[%clk 1:32:42]} O-O {[%clk 1:30:28]} 6. Nbd2 {[%clk
1:33:03]} c5 {[%clk 1:29:25]} 7. Bg3 {[%clk 1:33:18]} Qc7 {[%clk 1:22:17]} 8.
dxc5 {[%clk 1:32:01]} Qxc5 {[%clk 1:17:50]} 9. Bd3 {[%clk 1:32:10]} Nbd7 {[%clk
1:08:35]} 10. Qe2 {[%clk 1:31:50]} e5 {[%clk 0:52:10]} 11. e4 {[%clk 1:32:02]}
Re8 {[%clk 0:50:48]} 12. O-O {[%clk 1:27:49]} dxe4 {[%clk 0:44:22]} 13. Bxe4
{[%clk 1:27:18]} Bf8 {[%clk 0:38:07]} 14. Bc2 {[%clk 1:23:45]} g6 {[%clk
0:27:00]} 15. Rfe1 {[%clk 1:23:04]} Bg7 {[%clk 0:25:55]} 16. Ng5 {[%clk 1:11:56]}
h6 {[%clk 0:17:43]} 17. Nge4 {[%clk 1:11:29]} Nxe4 {[%clk 0:17:21]} 18. Nxe4
{[%clk 1:11:48]} Qb6 {[%clk 0:16:13]} 19. Rad1 {[%clk 1:10:31]} Nc5 {[%clk
0:13:29]} 20. Nd6 {[%clk 0:54:24]} Re7 {[%clk 0:07:17]} 21. Nc4 {[%clk 0:52:12]}
Qa6 {[%clk 0:04:53]} 22. Rd8+ {[%clk 0:42:00]} Kh7 {[%clk 0:05:18]} 23. Rd6
{[%clk 0:34:06]} b6 {[%clk 0:03:06]} 24. b4 {[%clk 0:25:21]} Be6 {[%clk 0:03:05]}
25. Nxe5 {[%clk 0:24:10]} Qxe2 {[%clk 0:02:54]} 26. Rxe2 {[%clk 0:24:34]} Bc4
{[%clk 0:01:43]} 27. Re3 {[%clk 0:24:09]} Bxe5 {[%clk 0:01:52]} 28. Bxe5 {[%clk
0:24:02]} Rae8 {[%clk 0:01:34]} 29. Bd4 {[%clk 0:21:58]} Ne4 {[%clk 0:01:05]} 30.
Bxe4 {[%clk 0:21:19]} Rxe4 {[%clk 0:01:34]} 31. a4 {[%clk 0:21:09]} Rxe3 {[%clk
0:01:16]} 32. fxe3 {[%clk 0:21:28]} Rc8 {[%clk 0:00:47]} 33. Rd7 {[%clk 0:21:05]}
Ra8 {[%clk 0:00:39]} 34. Rc7 {[%clk 0:21:03]} Be6 {[%clk 0:00:51]} 35. Kf2 {[%clk
0:20:00]} g5 {[%clk 0:00:55]} 36. e4 {[%clk 0:19:27]} Kg6 {[%clk 0:00:59]} 37.
Ke3 {[%clk 0:19:42]} h5 {[%clk 0:00:47]} 38. Kd3 {[%clk 0:19:29]} f5 {[%clk
0:00:52]} 39. exf5+ {[%clk 0:17:47]} Kxf5 {[%clk 0:01:01]} 40. Re7 {[%clk
0:16:29]} h4 {[%clk 0:00:50]} 41. Ke3 {[%clk 0:14:29]} Bc4 {[%clk 0:27:45]} 42.
Re5+ {[%clk 0:32:25]} Kg6 {[%clk 0:26:50]} 43. Kd2 {[%clk 0:29:34]} Rd8 {[%clk
0:18:20]} 44. Ke1 {[%clk 0:27:20]} Rf8 {[%clk 0:11:08]} 45. Bf2 {[%clk 0:25:13]}
Rf6 {[%clk 0:10:48]} 46. a5 {[%clk 0:21:02]} bxa5 {[%clk 0:09:15]} 47. bxa5
{[%clk 0:21:18]} a6 {[%clk 0:08:51]} 48. Be3 {[%clk 0:20:52]} Rf5 {[%clk
0:08:45]} 49. Rxf5 {[%clk 0:20:56]} Kxf5 {[%clk 0:09:13]} 50. Kf2 {[%clk
0:21:15]} Bd5 {[%clk 0:08:56]} 51. Bb6 {[%clk 0:21:30]} g4 {[%clk 0:06:45]} 52.
h3 {[%clk 0:21:50]} g3+ {[%clk 0:07:05]} 53. Kf1 {[%clk 0:22:10]} Bc4+ {[%clk
0:07:23]} 54. Kg1 {[%clk 0:22:27]} Kg6 {[%clk 0:07:48]} 55. Bd8 {[%clk 0:22:52]}
Kh5 {[%clk 0:08:17]} 1/2-1/2

[Event "10th Amsterdam Science Park"]
[Site "Amsterdam"]
[Date "2022.07.24"]
[Round "7"]
[White "Bruil, Rembrandt"]
[Black "Van Baar, Esper"]
[Result "1-0"]
[Board "5"]
[WhiteTitle "CM"]
[WhiteElo "2204"]
[WhiteCountry "NED"]
[WhiteFideId "1053590"]
[WhiteEloChange "12"]
[BlackTitle "FM"]
[BlackElo "2281"]
[BlackCountry "NED"]
[BlackFideId "1049321"]
[BlackEloChange "-12"]

1. d4 {[%clk 1:30:57]} Nf6 {[%clk 1:27:33]} 2. Nf3 {[%clk 1:31:22]} e6 {[%clk
1:27:00]} 3. g3 {[%clk 1:31:37]} b5 {[%clk 1:26:00]} 4. Bg2 {[%clk 1:31:46]} Bb7
{[%clk 1:25:46]} 5. O-O {[%clk 1:32:02]} c5 {[%clk 1:25:36]} 6. c3 {[%clk
1:30:48]} Be7 {[%clk 1:22:45]} 7. Nbd2 {[%clk 1:30:16]} d5 {[%clk 1:18:12]} 8.
dxc5 {[%clk 1:17:56]} Bxc5 {[%clk 1:18:30]} 9. Nb3 {[%clk 1:18:23]} Be7 {[%clk
1:16:58]} 10. Nbd4 {[%clk 1:18:37]} a6 {[%clk 1:14:45]} 11. a4 {[%clk 1:18:25]}
b4 {[%clk 1:14:00]} 12. cxb4 {[%clk 1:16:18]} Bxb4 {[%clk 1:13:52]} 13. Bd2
{[%clk 1:16:19]} Qe7 {[%clk 1:06:50]} 14. Bxb4 {[%clk 1:12:32]} Qxb4 {[%clk
1:07:11]} 15. Qb3 {[%clk 1:03:51]} a5 {[%clk 1:04:28]} 16. Qxb4 {[%clk 1:04:00]}
axb4 {[%clk 1:04:54]} 17. Rfc1 {[%clk 1:02:58]} Na6 {[%clk 1:04:08]} 18. e3
{[%clk 0:48:39]} Nd7 {[%clk 0:58:30]} 19. Bf1 {[%clk 0:44:38]} Ndc5 {[%clk
0:53:02]} 20. Ne5 {[%clk 0:38:37]} f6 {[%clk 0:32:09]} 21. Bxa6 {[%clk 0:25:19]}
Nxa6 {[%clk 0:30:50]} 22. Nd3 {[%clk 0:25:37]} Kd7 {[%clk 0:29:15]} 23. Nc5+
{[%clk 0:23:48]} Nxc5 {[%clk 0:29:32]} 24. Rxc5 {[%clk 0:24:16]} e5 {[%clk
0:25:25]} 25. Rb5 {[%clk 0:20:18]} Rab8 {[%clk 0:07:15]} 26. Nc2 {[%clk 0:20:06]}
b3 {[%clk 0:07:03]} 27. Rxb3 {[%clk 0:09:04]} Ba6 {[%clk 0:07:29]} 28. Raa3
{[%clk 0:09:15]} Bc4 {[%clk 0:05:15]} 29. Rxb8 {[%clk 0:08:58]} Rxb8 {[%clk
0:05:42]} 30. b4 {[%clk 0:09:06]} d4 {[%clk 0:05:33]} 31. exd4 {[%clk 0:09:17]}
exd4 {[%clk 0:05:55]} 32. b5 {[%clk 0:09:29]} d3 {[%clk 0:04:46]} 33. Ne3 {[%clk
0:09:40]} d2 {[%clk 0:04:39]} 34. Rc3 {[%clk 0:08:23]} Rc8 {[%clk 0:00:33]} 35.
Rc2 {[%clk 0:08:28]} Bb3 {[%clk 0:00:32]} 36. Rxd2+ {[%clk 0:08:52]} Ke6 {[%clk
0:00:31]} 37. a5 {[%clk 0:00:51]} Rc1+ {[%clk 0:00:59]} 38. Kg2 {[%clk 0:01:14]}
Rc5 {[%clk 0:01:25]} 39. Rb2 {[%clk 0:00:53]} Rxb5 {[%clk 0:01:35]} 40. a6 {[%clk
0:01:17]} Bc4 {[%clk 0:00:33]} 41. Nxc4 {[%clk 0:01:40]} 1-0

[Event "10th Amsterdam Science Park"]
[Site "Amsterdam"]
[Date "2022.07.24"]
[Round "7"]
[White "Vroombout, Enrico"]
[Black "Stolwijk, Colin"]
[Result "0-1"]
[Board "6"]
[WhiteElo "2125"]
[WhiteCountry "NED"]
[WhiteFideId "1008730"]
[WhiteEloChange "-6"]
[BlackElo "2277"]
[BlackCountry "NED"]
[BlackFideId "1033743"]
[BlackEloChange "6"]

1. d4 {[%clk 1:30:59]} Nf6 {[%clk 1:30:52]} 2. c4 {[%clk 1:31:21]} c6 {[%clk
1:31:15]} 3. Nc3 {[%clk 1:31:43]} d5 {[%clk 1:31:39]} 4. Nf3 {[%clk 1:32:06]} a6
{[%clk 1:32:03]} 5. g3 {[%clk 1:32:26]} e6 {[%clk 1:31:08]} 6. Bg2 {[%clk
1:31:58]} Nbd7 {[%clk 1:30:53]} 7. O-O {[%clk 1:30:42]} dxc4 {[%clk 1:25:30]} 8.
Qc2 {[%clk 1:20:24]} b5 {[%clk 1:21:02]} 9. Rd1 {[%clk 1:17:48]} Bb7 {[%clk
1:17:03]} 10. a4 {[%clk 0:57:20]} Bb4 {[%clk 1:12:14]} 11. Ne5 {[%clk 0:49:06]}
Nd5 {[%clk 1:11:14]} 12. Ne4 {[%clk 0:42:01]} Nxe5 {[%clk 1:02:31]} 13. dxe5
{[%clk 0:42:25]} Qc7 {[%clk 1:02:51]} 14. Bd2 {[%clk 0:34:02]} Be7 {[%clk
0:54:23]} 15. Nd6+ {[%clk 0:31:27]} Bxd6 {[%clk 0:52:35]} 16. exd6 {[%clk
0:31:54]} Qxd6 {[%clk 0:52:52]} 17. Bc3 {[%clk 0:25:33]} O-O-O {[%clk 0:24:43]}
18. Bxg7 {[%clk 0:24:56]} Rhg8 {[%clk 0:25:10]} 19. Qxh7 {[%clk 0:21:31]} f5
{[%clk 0:24:29]} 20. Bxd5 {[%clk 0:17:43]} cxd5 {[%clk 0:24:40]} 21. Bd4 {[%clk
0:18:09]} b4 {[%clk 0:23:50]} 22. Qh6 {[%clk 0:10:02]} f4 {[%clk 0:18:07]} 23.
Kf1 {[%clk 0:05:47]} Rdf8 {[%clk 0:14:37]} 24. Ke1 {[%clk 0:05:27]} Rf7 {[%clk
0:12:40]} 25. Qh5 {[%clk 0:05:14]} Rf5 {[%clk 0:12:45]} 26. Qh7 {[%clk 0:05:41]}
Rgf8 {[%clk 0:12:05]} 27. g4 {[%clk 0:04:35]} Rg5 {[%clk 0:11:39]} 28. f3 {[%clk
0:04:45]} e5 {[%clk 0:11:03]} 29. Bf2 {[%clk 0:05:04]} Kb8 {[%clk 0:06:46]} 30.
Rac1 {[%clk 0:05:03]} Rc8 {[%clk 0:05:29]} 31. Bh4 {[%clk 0:04:22]} Rg6 {[%clk
0:04:56]} 32. Qe7 {[%clk 0:04:47]} Qxe7 {[%clk 0:04:35]} 33. Bxe7 {[%clk
0:05:14]} a5 {[%clk 0:04:53]} 34. h4 {[%clk 0:05:09]} Re6 {[%clk 0:04:23]} 35.
Bg5 {[%clk 0:05:26]} d4 {[%clk 0:04:36]} 36. b3 {[%clk 0:01:39]} c3 {[%clk
0:02:19]} 37. Rc2 {[%clk 0:02:03]} Bd5 {[%clk 0:02:47]} 38. Rb1 {[%clk 0:02:25]}
Rg8 {[%clk 0:02:44]} 39. Kf2 {[%clk 0:02:28]} Kc7 {[%clk 0:02:35]} 40. Rcc1
{[%clk 0:01:40]} Kd7 {[%clk 0:02:00]} 41. Rc2 {[%clk 0:24:04]} Rc6 {[%clk
0:31:00]} 42. Rcc1 {[%clk 0:21:38]} Rg7 {[%clk 0:30:26]} 43. Rc2 {[%clk 0:22:02]}
Bg8 {[%clk 0:30:25]} 44. Rcc1 {[%clk 0:22:11]} Rd6 {[%clk 0:27:23]} 45. Ke1
{[%clk 0:21:57]} Kc6 {[%clk 0:27:25]} 46. Kf2 {[%clk 0:21:56]} Kc5 {[%clk
0:27:48]} 47. Rd1 {[%clk 0:18:52]} Bxb3 {[%clk 0:22:02]} 48. Rxb3 {[%clk
0:18:17]} Kc4 {[%clk 0:22:27]} 0-1

[Event "10th Amsterdam Science Park"]
[Site "Amsterdam"]
[Date "2022.07.24"]
[Round "7"]
[White "Bullen, Alex"]
[Black "Croese, Cor"]
[Result "1-0"]
[Board "7"]
[WhiteTitle "CM"]
[WhiteElo "2106"]
[WhiteCountry "WLS"]
[WhiteFideId "1801627"]
[WhiteEloChange "12"]
[BlackElo "2173"]
[BlackCountry "NED"]
[BlackFideId "1006550"]
[BlackEloChange "-12"]

1. d4 {[%clk 1:30:55]} g6 {[%clk 1:30:57]} 2. e4 {[%clk 1:31:15]} Bg7 {[%clk
1:31:20]} 3. Nf3 {[%clk 1:31:37]} d6 {[%clk 1:31:39]} 4. Nc3 {[%clk 1:31:55]} c6
{[%clk 1:31:59]} 5. a4 {[%clk 1:31:54]} Nf6 {[%clk 1:32:21]} 6. h3 {[%clk
1:32:12]} O-O {[%clk 1:32:16]} 7. Be3 {[%clk 1:32:32]} Nbd7 {[%clk 1:32:25]} 8.
Be2 {[%clk 1:32:50]} e5 {[%clk 1:32:43]} 9. dxe5 {[%clk 1:33:12]} dxe5 {[%clk
1:33:06]} 10. Qd6 {[%clk 1:33:29]} Re8 {[%clk 1:30:31]} 11. Bc4 {[%clk 1:33:51]}
Qe7 {[%clk 1:21:57]} 12. Qxe7 {[%clk 1:33:43]} Rxe7 {[%clk 1:22:23]} 13. O-O-O
{[%clk 1:30:32]} h6 {[%clk 1:21:32]} 14. Nh4 {[%clk 1:23:49]} Nf8 {[%clk
1:17:09]} 15. Rd8 {[%clk 1:19:06]} Re8 {[%clk 1:17:19]} 16. Rhd1 {[%clk 1:17:38]}
Be6 {[%clk 1:11:48]} 17. Rxe8 {[%clk 1:17:01]} Nxe8 {[%clk 1:12:14]} 18. Bxe6
{[%clk 1:14:23]} Nxe6 {[%clk 1:12:38]} 19. Rd7 {[%clk 1:14:04]} b6 {[%clk
1:03:07]} 20. Nf3 {[%clk 1:04:47]} N8c7 {[%clk 0:56:35]} 21. Rd6 {[%clk 1:01:20]}
c5 {[%clk 0:55:46]} 22. Nd5 {[%clk 0:58:14]} Nxd5 {[%clk 0:54:37]} 23. Rxd5
{[%clk 0:58:29]} Nf4 {[%clk 0:47:21]} 24. Bxf4 {[%clk 0:58:33]} exf4 {[%clk
0:47:46]} 25. e5 {[%clk 0:58:12]} Re8 {[%clk 0:47:21]} 26. Kd2 {[%clk 0:56:59]}
f6 {[%clk 0:47:02]} 27. exf6 {[%clk 0:54:49]} Bxf6 {[%clk 0:47:26]} 28. b3 {[%clk
0:54:25]} Kf7 {[%clk 0:45:21]} 29. Rd7+ {[%clk 0:53:50]} Re7 {[%clk 0:45:41]} 30.
Rxe7+ {[%clk 0:52:51]} Kxe7 {[%clk 0:46:00]} 31. Kd3 {[%clk 0:52:38]} g5 {[%clk
0:34:25]} 32. Kc4 {[%clk 0:51:02]} a6 {[%clk 0:31:06]} 33. a5 {[%clk 0:50:50]}
bxa5 {[%clk 0:31:30]} 34. Kxc5 {[%clk 0:51:03]} Bc3 {[%clk 0:30:40]} 35. Nd4
{[%clk 0:48:47]} Kf6 {[%clk 0:28:24]} 36. Kd5 {[%clk 0:46:16]} h5 {[%clk
0:28:08]} 37. f3 {[%clk 0:46:07]} g4 {[%clk 0:25:44]} 38. hxg4 {[%clk 0:45:30]}
hxg4 {[%clk 0:26:09]} 39. fxg4 {[%clk 0:45:42]} Kg5 {[%clk 0:26:21]} 40. Ne2
{[%clk 0:45:46]} Bd2 {[%clk 0:25:47]} 41. c4 {[%clk 0:45:24]} Be3 {[%clk
0:25:10]} 42. c5 {[%clk 0:42:37]} Kxg4 {[%clk 0:25:33]} 43. Nd4 {[%clk 0:40:57]}
1-0

[Event "10th Amsterdam Science Park"]
[Site "Amsterdam"]
[Date "2022.07.24"]
[Round "7"]
[White "Van der Velde, Henk"]
[Black "Baarslag, Ed"]
[Result "0-1"]
[Board "8"]
[WhiteElo "2079"]
[WhiteCountry "NED"]
[WhiteFideId "1010301"]
[WhiteEloChange "-8"]
[BlackElo "2161"]
[BlackCountry "NED"]
[BlackFideId "1014285"]
[BlackEloChange "8"]

1. c4 {[%clk 1:30:57]} e6 {[%clk 1:30:29]} 2. g3 {[%clk 1:31:16]} d5 {[%clk
1:30:51]} 3. Bg2 {[%clk 1:31:37]} Nf6 {[%clk 1:31:02]} 4. Nf3 {[%clk 1:31:55]}
dxc4 {[%clk 1:30:44]} 5. Qc2 {[%clk 1:31:47]} c5 {[%clk 1:23:09]} 6. Na3 {[%clk
1:31:20]} Nc6 {[%clk 1:21:37]} 7. Nxc4 {[%clk 1:31:11]} Bd7 {[%clk 1:14:22]} 8.
O-O {[%clk 1:26:55]} Rc8 {[%clk 1:10:16]} 9. d3 {[%clk 1:14:16]} b5 {[%clk
1:06:46]} 10. Nce5 {[%clk 1:12:05]} Be7 {[%clk 1:05:49]} 11. e4 {[%clk 0:52:58]}
O-O {[%clk 1:03:42]} 12. Bf4 {[%clk 0:49:29]} Qb6 {[%clk 1:00:23]} 13. Rac1
{[%clk 0:43:12]} Rfd8 {[%clk 0:54:34]} 14. Nxc6 {[%clk 0:39:42]} Rxc6 {[%clk
0:50:56]} 15. Ne5 {[%clk 0:33:41]} Rcc8 {[%clk 0:50:53]} 16. Nxd7 {[%clk
0:26:48]} Nxd7 {[%clk 0:50:20]} 17. d4 {[%clk 0:23:31]} g5 {[%clk 0:40:01]} 18.
Bd2 {[%clk 0:20:30]} cxd4 {[%clk 0:39:56]} 19. Qxc8 {[%clk 0:20:53]} Rxc8 {[%clk
0:40:19]} 20. Rxc8+ {[%clk 0:21:20]} Kg7 {[%clk 0:40:24]} 21. Rfc1 {[%clk
0:21:10]} Ne5 {[%clk 0:37:46]} 22. Re8 {[%clk 0:18:50]} Bf6 {[%clk 0:33:29]} 23.
Rcc8 {[%clk 0:14:49]} h6 {[%clk 0:33:22]} 24. Bb4 {[%clk 0:14:20]} d3 {[%clk
0:30:20]} 25. Kf1 {[%clk 0:10:42]} Qd4 {[%clk 0:27:56]} 26. Bd2 {[%clk 0:06:23]}
Ng4 {[%clk 0:24:50]} 27. Rg8+ {[%clk 0:06:07]} Kh7 {[%clk 0:25:08]} 28. Rh8+
{[%clk 0:05:32]} Bxh8 {[%clk 0:23:14]} 29. Rxh8+ {[%clk 0:05:56]} Qxh8 {[%clk
0:23:15]} 0-1

[Event "10th Amsterdam Science Park"]
[Site "Amsterdam"]
[Date "2022.07.24"]
[Round "7"]
[White "Van Nieuwkerk, Ton"]
[Black "Duchene, Rene"]
[Result "0-1"]
[Board "9"]
[WhiteElo "2014"]
[WhiteCountry "NED"]
[WhiteFideId "1048031"]
[WhiteEloChange "-7"]
[BlackElo "2137"]
[BlackCountry "NED"]
[BlackFideId "1006304"]
[BlackEloChange "7"]

1. e4 {[%clk 1:30:57]} e6 {[%clk 1:30:50]} 2. d4 {[%clk 1:31:14]} d5 {[%clk
1:31:16]} 3. e5 {[%clk 1:31:41]} c5 {[%clk 1:31:33]} 4. c3 {[%clk 1:31:57]} Qb6
{[%clk 1:31:53]} 5. Nf3 {[%clk 1:31:40]} Nc6 {[%clk 1:32:16]} 6. a3 {[%clk
1:31:24]} Nh6 {[%clk 1:32:09]} 7. b4 {[%clk 1:28:08]} cxd4 {[%clk 1:32:31]} 8.
cxd4 {[%clk 1:28:32]} Nf5 {[%clk 1:32:44]} 9. Bb2 {[%clk 1:28:49]} Bd7 {[%clk
1:32:34]} 10. g4 {[%clk 1:27:40]} Nfe7 {[%clk 1:31:51]} 11. Bd3 {[%clk 1:25:13]}
Ng6 {[%clk 1:31:06]} 12. Qd2 {[%clk 1:23:10]} Qd8 {[%clk 1:10:20]} 13. h4 {[%clk
1:18:29]} h5 {[%clk 1:08:23]} 14. Bxg6 {[%clk 1:13:49]} fxg6 {[%clk 1:08:48]} 15.
Qd3 {[%clk 1:13:56]} Ne7 {[%clk 1:08:35]} 16. g5 {[%clk 1:03:54]} Nf5 {[%clk
1:08:39]} 17. Nc3 {[%clk 1:03:25]} Be7 {[%clk 1:02:34]} 18. O-O {[%clk 0:47:17]}
O-O {[%clk 1:01:23]} 19. Rfc1 {[%clk 0:45:12]} Qb6 {[%clk 0:57:47]} 20. Kg2
{[%clk 0:44:48]} Rfc8 {[%clk 0:57:43]} 21. Ne2 {[%clk 0:42:47]} a5 {[%clk
0:53:53]} 22. Rxc8+ {[%clk 0:38:16]} Rxc8 {[%clk 0:53:53]} 23. Nf4 {[%clk
0:36:42]} Kf7 {[%clk 0:48:37]} 24. Bc3 {[%clk 0:37:00]} a4 {[%clk 0:39:42]} 25.
Bb2 {[%clk 0:30:17]} Bb5 {[%clk 0:38:32]} 26. Qd2 {[%clk 0:26:29]} Rc4 {[%clk
0:37:11]} 27. Rc1 {[%clk 0:23:38]} Qc6 {[%clk 0:35:36]} 28. Rc3 {[%clk 0:19:42]}
Bd8 {[%clk 0:31:57]} 29. Ba1 {[%clk 0:16:10]} Bb6 {[%clk 0:32:06]} 30. Bb2 {[%clk
0:15:18]} Ba6 {[%clk 0:30:15]} 31. Rc1 {[%clk 0:07:19]} Rxc1 {[%clk 0:24:20]} 32.
Bxc1 {[%clk 0:07:31]} Qc4 {[%clk 0:24:34]} 33. Bb2 {[%clk 0:07:42]} Qf1+ {[%clk
0:20:06]} 34. Kh2 {[%clk 0:08:01]} Bc4 {[%clk 0:19:36]} 35. Bc3 {[%clk 0:05:45]}
Bb3 {[%clk 0:18:51]} 36. Nh3 {[%clk 0:03:13]} Bd1 {[%clk 0:17:06]} 37. Nhg1
{[%clk 0:03:31]} Kg8 {[%clk 0:15:22]} 38. Bb2 {[%clk 0:02:47]} Bb3 {[%clk
0:12:09]} 39. Bc3 {[%clk 0:02:29]} Bc4 {[%clk 0:12:17]} 40. Bb2 {[%clk 0:01:16]}
Kf8 {[%clk 0:09:07]} 41. Bc3 {[%clk 0:27:03]} Kf7 {[%clk 0:38:49]} 42. Bb2 {[%clk
0:23:55]} Qb1 {[%clk 0:38:32]} 43. Nh3 {[%clk 0:21:32]} Bd3 {[%clk 0:36:15]} 44.
Nhg1 {[%clk 0:17:49]} Be4 {[%clk 0:36:05]} 45. Kh3 {[%clk 0:15:33]} Bxf3 {[%clk
0:28:15]} 46. Nxf3 {[%clk 0:15:48]} Qh1+ {[%clk 0:27:59]} 47. Nh2 {[%clk
0:16:10]} Qe4 {[%clk 0:28:18]} 48. f4 {[%clk 0:15:02]} Bxd4 {[%clk 0:28:00]} 49.
Bxd4 {[%clk 0:14:52]} Qxd4 {[%clk 0:27:54]} 50. Qc1 {[%clk 0:15:07]} Qf2 {[%clk
0:27:37]} 0-1

[Event "10th Amsterdam Science Park"]
[Site "Amsterdam"]
[Date "2022.07.24"]
[Round "7"]
[White "Tan, Kevin"]
[Black "Golbach, Floris"]
[Result "0-1"]
[Board "10"]
[WhiteElo "2209"]
[WhiteCountry "NED"]
[WhiteFideId "1010280"]
[WhiteEloChange "-15"]
[BlackElo "2012"]
[BlackCountry "NED"]
[BlackFideId "1051776"]
[BlackEloChange "15"]

1. Nf3 {[%clk 1:30:50]} c5 {[%clk 1:30:20]} 2. Nc3 {[%clk 1:17:16]} Nc6 {[%clk
1:29:42]} 3. b3 {[%clk 1:11:49]} d5 {[%clk 1:22:35]} 4. Bb2 {[%clk 1:10:07]} Nf6
{[%clk 1:21:41]} 5. g3 {[%clk 1:09:19]} Bg4 {[%clk 1:20:40]} 6. Bg2 {[%clk
1:08:32]} e6 {[%clk 1:20:53]} 7. h3 {[%clk 1:00:39]} Bh5 {[%clk 1:19:45]} 8. d3
{[%clk 0:54:49]} Be7 {[%clk 1:08:23]} 9. Qd2 {[%clk 0:52:18]} a6 {[%clk 1:03:51]}
10. g4 {[%clk 0:47:32]} Bg6 {[%clk 1:04:05]} 11. g5 {[%clk 0:47:00]} Nh5 {[%clk
1:00:13]} 12. h4 {[%clk 0:40:43]} Qc7 {[%clk 0:58:54]} 13. e3 {[%clk 0:38:12]}
O-O-O {[%clk 0:51:15]} 14. O-O-O {[%clk 0:31:25]} Kb8 {[%clk 0:50:19]} 15. Na4
{[%clk 0:26:32]} f6 {[%clk 0:46:00]} 16. d4 {[%clk 0:21:39]} Nb4 {[%clk 0:38:57]}
17. Ba3 {[%clk 0:15:22]} Nxc2 {[%clk 0:29:09]} 18. Bxc5 {[%clk 0:14:51]} b6
{[%clk 0:23:36]} 19. Bxb6 {[%clk 0:12:48]} Ba3+ {[%clk 0:23:10]} 20. Kb1 {[%clk
0:12:45]} Nxe3+ {[%clk 0:22:49]} 21. Ka1 {[%clk 0:13:06]} Nc2+ {[%clk 0:23:13]}
22. Kb1 {[%clk 0:13:32]} Nxd4+ {[%clk 0:23:38]} 23. Ka1 {[%clk 0:13:53]} Nc2+
{[%clk 0:23:45]} 24. Kb1 {[%clk 0:14:18]} Qc6 {[%clk 0:22:03]} 25. Qa5 {[%clk
0:11:47]} Rc8 {[%clk 0:21:09]} 26. Nd2 {[%clk 0:10:20]} Nb4+ {[%clk 0:20:45]} 27.
Ka1 {[%clk 0:10:14]} Qc2 {[%clk 0:21:03]} 0-1